[Event "Asian Schools-ch U17 12th Rapid"]
[Site "Tehran"]
[Date "2016.07.10"]
[Round "1.2"]
[White "Hasanov, Alo"]
[Black "Tahbaz, Arash"]
[Result "0-1"]
[WhiteElo "1898"]
[BlackElo "2138"]
[PlyCount "82"]
[EventDate "2016.07.10"]
[EventType "swiss"]
[EventRounds "7"]
[EventCountry "IRI"]
[SourceTitle "EXT 2024"]
[Source "ChessBase"]
[SourceDate "2023.10.10"]
[SourceVersion "1"]
[SourceVersionDate "2023.10.10"]
[SourceQuality "1"]

1. d4 Nf6 2. c4 g6 3. Nc3 Bg7 4. Nf3 0-0 5. Bg5 d6 6. e3 Nbd7 7. Be2 b6 8. Qc2 Bb7 9. 0-0 h6 10. Bh4 e5 11. d5 Qe8 12. Rad1 Nh7 13. Nb5 Qb8 14. h3 f5 15. Bg3 a6 16. Nc3 Qe8 17. b4 g5 18. Na4 Bc8 19. c5 b5 20. Nc3 f4 21. Bh2 Nhf6 22. Rfe1 Qf7 23. exf4 gxf4 24. Bd3 Kh8 25. Bg6 Qg8 26. Nh4 Rd8 27. Bf5 Nf8 28. Ne4 Qf7 29. cxd6 cxd6 30. Qc6 Bxf5 31. Nxf5 Nxe4 32. Nxg7 Rdc8 33. Qb6 Nd7 34. Qa5 Nc3 35. Ne6 Nxd1 36. Rxd1 Rc3 37. Nc7 Rc8 38. Nxa6 Rc1 39. Rf1 Rxf1+ 40. Kxf1 Qxd5 41. g3 Qd1+ 0-1